Cutting edge, (Record no. 22211)
[ view plain ]
| 000 -LEADER | |
|---|---|
| fixed length control field | 01160cam a22003255a 4500 |
| 001 - CONTROL NUMBER | |
| control field | 016199694 |
| 003 - CONTROL NUMBER IDENTIFIER | |
| control field | EG-ScBUE |
| 005 - DATE AND TIME OF LATEST TRANSACTION | |
| control field | 20220605103914.0 |
| 008 - FIXED-LENGTH DATA ELEMENTS--GENERAL INFORMATION | |
| fixed length control field | 121023s2015 enka f 000 0 eng d |
| 020 ## - INTERNATIONAL STANDARD BOOK NUMBER | |
| International Standard Book Number | 9781447936909 |
| 040 ## - CATALOGING SOURCE | |
| Original cataloging agency | StDuBDS |
| Language of cataloging | eng |
| Description conventions | rda |
| Transcribing agency | StDuBDS |
| Modifying agency | EG-ScBUE |
| 082 04 - DEWEY DECIMAL CLASSIFICATION NUMBER | |
| Classification number | 428.240712 |
| Edition number | 22 |
| Item number | CUT |
| 245 00 - TITLE STATEMENT | |
| Title | Cutting edge, |
| Name of part/section of a work | Pre-intermediate, |
| -- | Students' book / |
| Statement of responsibility, etc | [students' notes] by Sarah Cunningham Peter Moor and Araminta Crace. |
| 250 ## - EDITION STATEMENT | |
| Edition statement | Third edition. |
| 264 #1 - PUBLICATION, DISTRIBUTION, ETC. (IMPRINT) | |
| Place of publication, distribution, etc | Harlow, England : |
| Name of publisher, distributor, etc | Pearson Education Limited, |
| Date of publication, distribution, etc | 2015. |
| 300 ## - PHYSICAL DESCRIPTION | |
| Extent | 175 pages ; |
| Other physical details | illustrations ; |
| Accompanying material | 30 cm + |
| Dimensions | 1 DVD |
| 336 ## - CONTENT TYPE | |
| Source | rdacontent |
| Content type term | text |
| Content type code | txt |
| 336 ## - CONTENT TYPE | |
| Source | rdacontent |
| Content type term | spoken word |
| Content type code | spw |
| 337 ## - MEDIA TYPE | |
| Source | rdamedia |
| Media type term | unmediated |
| Media type code | n |
| 337 ## - MEDIA TYPE | |
| Source | rdamedia |
| Media type term | video |
| Media type code | v |
| 338 ## - CARRIER TYPE | |
| Source | rdacarrier |
| Carrier type term | volume |
| Carrier type code | nc |
| 338 ## - CARRIER TYPE | |
| Source | rdacarrier |
| Carrier type term | computer disc |
| Carrier type code | cd |
| 650 #7 - SUBJECT ADDED ENTRY--TOPICAL TERM | |
| Topical term or geographic name as entry element | English language |
| General subdivision | Study and teaching (Secondary) |
| -- | Foreign speakers. |
| Source of heading or term | BUEsh |
| 9 (RLIN) | 7782 |
| 651 ## - SUBJECT ADDED ENTRY--GEOGRAPHIC NAME | |
| Source of heading or term | BUEsh |
| 653 ## - INDEX TERM--UNCONTROLLED | |
| Arrived date list | August 2016 |
| Resource For college | Nursing |
| 655 ## - INDEX TERM--GENRE/FORM | |
| Form subdivision | Text book |
| 9 (RLIN) | 33728 |
| 700 1# - ADDED ENTRY--PERSONAL NAME | |
| Personal name | Moor, Sarah Cunningham Peter, |
| Relator term | contributor. |
| 700 1# - ADDED ENTRY--PERSONAL NAME | |
| Personal name | Crace, Araminta, |
| Relator term | contributor. |
| 942 ## - ADDED ENTRY ELEMENTS (KOHA) | |
| Source of classification or shelving scheme | Dewey Decimal Classification |
| Koha item type | Book - Borrowing |
| Withdrawn status | Lost status | Source of classification or shelving scheme | Damaged status | Not for loan | Collection code | Home library | Current library | Shelving location | Date acquired | Source of acquisition | Cost, normal purchase price | Total Checkouts | Total Renewals | Full call number | Barcode | Date last seen | Date checked out | Koha item type | Materials specified (bound volume or other part) |
|---|---|---|---|---|---|---|---|---|---|---|---|---|---|---|---|---|---|---|---|
| Dewey Decimal Classification | Baccah | Central Library | Central Library | Second Floor | 23/08/2016 | Purchase | 200.00 | 2 | 6 | 428.240712 CUT | 000033296 | 15/07/2025 | 19/09/2016 | Book - Borrowing | |||||
| Dewey Decimal Classification | Baccah | Central Library | Central Library | Second Floor | 23/08/2016 | Purchase | 200.00 | 428.240712 CUT | 000033295 | 15/07/2025 | NB - Book (Non borrowing) | ||||||||
| Dewey Decimal Classification | Baccah | Central Library | Central Library | Second Floor | 23/08/2016 | Purchase | 200.00 | 428.240712 CUT | 000033294 | 15/07/2025 | Book - Borrowing | ||||||||
| Lost | Dewey Decimal Classification | Baccah | Central Library | Central Library | Second Floor | 23/08/2016 | Purchase | 200.00 | 1 | 2 | 428.240712 CUT | 000033293 | 24/08/2022 | 01/09/2016 | Book - Borrowing | Lost_In_Inventory_12-2-2024 | |||
| Dewey Decimal Classification | Baccah | Central Library | Central Library | Second Floor | 23/08/2016 | Purchase | 200.00 | 428.240712 CUT | 000033291 | 15/07/2025 | Book - Borrowing | ||||||||
| Dewey Decimal Classification | Baccah | Central Library | Central Library | Second Floor | 23/08/2016 | Purchase | 200.00 | 428.240712 CUT | 000033290 | 15/07/2025 | Book - Borrowing | ||||||||
| Dewey Decimal Classification | Baccah | Central Library | Central Library | Second Floor | 23/08/2016 | Purchase | 200.00 | 428.240712 CUT | 000033289 | 24/08/2022 | CD | DVD - With book (NB) | ||||||||
| Dewey Decimal Classification | Baccah | Central Library | Central Library | Second Floor | 23/08/2016 | Purchase | 200.00 | 1 | 1 | 428.240712 CUT | 000033288 | 24/08/2022 | 01/09/2016 | CD | DVD - With book | |||||
| Dewey Decimal Classification | Baccah | Central Library | Central Library | Second Floor | 23/08/2016 | Purchase | 200.00 | 428.240712 CUT | 000033287 | 24/08/2022 | CD | DVD - With book | ||||||||
| Dewey Decimal Classification | Baccah | Central Library | Central Library | Second Floor | 23/08/2016 | Purchase | 200.00 | 2 | 7 | 428.240712 CUT | 000033286 | 24/08/2022 | 19/09/2016 | CD | DVD - With book | |||||
| Dewey Decimal Classification | Baccah | Central Library | Central Library | Second Floor | 23/08/2016 | Purchase | 200.00 | 428.240712 CUT | 000033335 | 24/08/2022 | CD | DVD - With book | ||||||||
| Dewey Decimal Classification | Baccah | Central Library | Central Library | Second Floor | 23/08/2016 | Purchase | 200.00 | 428.240712 CUT | 000033337 | 24/08/2022 | CD | DVD - With book | ||||||||
| Dewey Decimal Classification | Baccah | Central Library | Central Library | Second Floor | 24/08/2016 | Purchase | 200.00 | 428.240712 CUT | 000033292 | 15/07/2025 | Book - Borrowing | ||||||||
| Dewey Decimal Classification | Baccah | Central Library | Central Library | Second Floor | 24/08/2016 | Purchase | 200.00 | 428.240712 CUT | 000033336 | 24/08/2022 | CD | DVD - With book |